Strategie a BPM proč se nedaří strategicky řídit
Problémy súvisiace so strategickým riadením. Strategické riadenie nie je operatívne. Balanced scorecard. Strategický cieľ - vízia. Prípadová štúdia strategického riadenia podniku. Poučenie z prípadovej štúdie.
Gespeichert in:
| 1. Verfasser: | |
|---|---|
| Format: | Buchkapitel |
| Sprache: | Tschechisch |
| Schlagworte: | |
| Tags: |
Keine Tags, Fügen Sie das erste Tag hinzu!
|
MARC
| LEADER | 00000naa$a2200000$$$4500 | ||
|---|---|---|---|
| 001 | 0075366 | ||
| 005 | 20231213141304.5 | ||
| 041 | 0 | |a cze | |
| 044 | |a CZ | ||
| 245 | 1 | 0 | |a Strategie a BPM |b proč se nedaří strategicky řídit |c Ján Papula |
| 520 | |a Problémy súvisiace so strategickým riadením. Strategické riadenie nie je operatívne. Balanced scorecard. Strategický cieľ - vízia. Prípadová štúdia strategického riadenia podniku. Poučenie z prípadovej štúdie. | ||
| 610 | 2 | 0 | |a riadenie podnikové |
| 610 | 2 | 0 | |a riadenie strategické |
| 610 | 2 | 0 | |a stratégia podniková |
| 610 | 2 | 0 | |a manažment |
| 610 | 2 | 0 | |a plánovanie strategické |
| 610 | 2 | 0 | |a metóda BSC |
| 100 | 1 | |a Papula, Ján | |